000 00478nam a2200229Ia 4500
003 IT-RoPAU
008 120407s9999 xx 000 0 und d
040 _aIT-RoPAU
040 _cIT-RoPAU
041 _afra
100 _aC. Fouard
100 _cabbé
245 _aSaint Paul. Des dernières années. 2a ed.
250 _aParis
260 _aJ. Gabalda
260 _c1913
300 _a392 p.
300 _c18,5 cm
490 _v1
942 _cBK
999 _c33975
_d33975